Natural heritage of Korea, Dokdo

Saved in:
Bibliographic Details
Format: Book
Language:English
Published: Daejon Cultural Heritage Administration of Korea 2009
Subjects:
Tags: Add Tag
No Tags, Be the first to tag this record!

MARC

LEADER 00000nam a2200000 4500
001 0123867
005 20240527103712.9
020 |a 978-89-6325-425-8 
041 0 |a eng 
044 |a KP 
245 1 0 |a Natural heritage of Korea, Dokdo 
264 1 |a Daejon  |b Cultural Heritage Administration of Korea  |c 2009 
300 |a 333 s. 
610 2 0 |a Kórea 
610 2 0 |a zemepis 
610 2 0 |a informácie geografické 
610 2 0 |a geológia 
610 2 0 |a podmienky prírodné 
610 2 0 |a pôda 
610 2 0 |a prostredie krajinné 
610 2 0 |a prostredie prírodné 
610 2 0 |a dedičstvo prírodné